Principles of intermediate algebra / (Record no. 181715)

000 -LEADER
fixed length control field 00965 a2200193 4500
003 - CONTROL NUMBER IDENTIFIER
control field NUST
005 - DATE AND TIME OF LATEST TRANSACTION
control field 20221107171617.0
010 ## - LIBRARY OF CONGRESS CONTROL NUMBER
LC control number 76004006
020 ## - INTERNATIONAL STANDARD BOOK NUMBER
International Standard Book Number 0024731706
040 ## - CATALOGING SOURCE
Transcribing agency Nust
082 00 - DEWEY DECIMAL CLASSIFICATION NUMBER
Classification number 512,ASH
100 1# - MAIN ENTRY--PERSONAL NAME
Personal name Ashley, John P.
9 (RLIN) 67739
245 10 - TITLE STATEMENT
Title Principles of intermediate algebra /
Statement of responsibility, etc. John P. Ashley.
260 ## - PUBLICATION, DISTRIBUTION, ETC.
Place of publication, distribution, etc. Encino, Calif. :
Name of publisher, distributor, etc. Glencoe Press,
Date of publication, distribution, etc. c1977.
300 ## - PHYSICAL DESCRIPTION
Extent vii, 438 p. :
Other physical details ill. ;
Dimensions 24 cm.
505 ## - FORMATTED CONTENTS NOTE
Formatted contents note Numbers and the Number Line (Page-1),Properties of Real Numbers (Page-36),Polynomials (Page-79), Open Sentences in One Variable (Page-108), Fractions ad Fractional Equations (Page-132), Powers, Roots and Radicals (Page-160), Quadratic Equations (Page-191), Linear Relations (Page-211), Systems of Linear Equations (Page-240), Quadratic Relations (Page-285), Sequences and Series (Page-318), Permutations, Combinations and Probability (Page-337), Logarithms (Page-357).
650 #0 - SUBJECT ADDED ENTRY--TOPICAL TERM
Topical term or geographic name entry element Algebra.
9 (RLIN) 8509
942 ## - ADDED ENTRY ELEMENTS (KOHA)
Source of classification or shelving scheme
Koha item type Book
Call number prefix 512,ASH
Holdings
Withdrawn status Lost status Source of classification or shelving scheme Damaged status Not for loan Permanent Location Current Location Shelving location Date acquired Full call number Barcode Date last seen Price effective from Koha item type Public note
          Military College of Signals (MCS) Military College of Signals (MCS) General Stacks 12/12/2016 512,ASH MCS7452 12/08/2016 12/12/2016 Book Almirah No.10, Shelf No.5
          Military College of Signals (MCS) Military College of Signals (MCS) General Stacks 12/12/2016 512,ASH MCS7453 12/08/2016 12/12/2016 Book Almirah No.10, Shelf No.5
© 2023 Central Library, National University of Sciences and Technology. All Rights Reserved.